header

Issues and ethics in the helping professions / (Record no. 250958)

MARC details
000 -LEADER
fixed length control field 01489cam a22003494a 4500
001 - CONTROL NUMBER
control field 12441424
003 - CONTROL NUMBER IDENTIFIER
control field OSt
005 - DATE AND TIME OF LATEST TRANSACTION
control field 20151103125719.0
008 - FIXED-LENGTH DATA ELEMENTS--GENERAL INFORMATION
fixed length control field 010614s2003 at b 001 0 eng
010 ## - LIBRARY OF CONGRESS CONTROL NUMBER
LC control number 2001037646
020 ## - INTERNATIONAL STANDARD BOOK NUMBER
International Standard Book Number 053435615X
040 ## - CATALOGING SOURCE
Original cataloging agency DLC
Transcribing agency DLC
Modifying agency DLC
042 ## - AUTHENTICATION CODE
Authentication code pcc
050 00 - LIBRARY OF CONGRESS CALL NUMBER
Classification number RC455.2.E8
Item number C66 2003
082 00 - DEWEY DECIMAL CLASSIFICATION NUMBER
Classification number 174/.2
Edition number 21
100 1# - MAIN ENTRY--PERSONAL NAME
Personal name Corey, Gerald.
245 10 - TITLE STATEMENT
Title Issues and ethics in the helping professions /
Statement of responsibility, etc Gerald Corey, Marianne Schneider Corey, Patrick Callanan.
250 ## - EDITION STATEMENT
Edition statement 6th ed.
260 ## - PUBLICATION, DISTRIBUTION, ETC. (IMPRINT)
Place of publication, distribution, etc Australia ;
-- Pacific Grove, CA :
Name of publisher, distributor, etc Brooks/Cole/Thomson Learning,
Date of publication, distribution, etc c2003.
300 ## - PHYSICAL DESCRIPTION
Extent xvi, 510 p. ;
Dimensions 24 cm.
504 ## - BIBLIOGRAPHY, ETC. NOTE
Bibliography, etc Includes bibliographical references (p. 474-497) and indexes.
650 #0 - SUBJECT ADDED ENTRY--TOPICAL TERM
Topical term or geographic name as entry element Psychotherapists
General subdivision Professional ethics.
Topical term or geographic name as entry element Counselors
General subdivision Professional ethics.
700 1# - ADDED ENTRY--PERSONAL NAME
Personal name Corey, Marianne Schneider,
Dates associated with a name 1942-
Personal name Callanan, Patrick.
856 42 - ELECTRONIC LOCATION AND ACCESS
Materials specified Contributor biographical information
Uniform Resource Identifier <a href="http://www.loc.gov/catdir/enhancements/fy1515/2001037646-b.html">http://www.loc.gov/catdir/enhancements/fy1515/2001037646-b.html</a>
Materials specified Publisher description
Uniform Resource Identifier <a href="http://www.loc.gov/catdir/enhancements/fy1515/2001037646-d.html">http://www.loc.gov/catdir/enhancements/fy1515/2001037646-d.html</a>
Materials specified Table of contents only
Uniform Resource Identifier <a href="http://www.loc.gov/catdir/enhancements/fy1515/2001037646-t.html">http://www.loc.gov/catdir/enhancements/fy1515/2001037646-t.html</a>
906 ## - LOCAL DATA ELEMENT F, LDF (RLIN)
a 7
b cbc
c orignew
d 1
e ocip
f 20
g y-gencatlg
942 ## - ADDED ENTRY ELEMENTS (KOHA)
Source of classification or shelving scheme Library of Congress Classification
Koha item type Long Loan Books
Holdings
Withdrawn status Lost status Source of classification or shelving scheme Damaged status Not for loan Collection code Home library Current library Shelving location Date acquired Total Checkouts Full call number Barcode Date last seen Price effective from Koha item type
    Library of Congress Classification     Non-fiction Rongo University Library Rongo Town Campus Library General Stacks 03/11/2015   RC455.2.E8 C66 2003 20154144 29/03/2016 03/11/2015 Long Loan Books

© 2026 Rongo University
Contact us: librarian | system librarian | Rongo university